000 00670nam a2200229Ia 4500
003 OSt
005 20220923221611.0
006 a|||||r|||| 00| 0
007 ta
008 220922b |||||||| |||| 00| 0 hin d
024 _a198,467
037 _cTextual
040 _aARTS
_cARTS
_bhin
041 _2hin
_ahin
082 _aP152:301k, 152K9
100 _aश्रीवास्तव, मुरलीधर
245 0 _aहिन्दी धातुकोश
246 _aHindī dhātukosha
260 _c1969
942 _hP152:301k, 152K9
_cTEXL
_2CC
999 _c350313
_d350313